00673 2200241 4500001002100000005001500021035002000036007000300056008004100059020002200100082000800122084001400130100002600144245009300170250001700263260003600280300003300316650002000349700001700369700002300386990001100409990001100420INLIS00000000000443420191113110418 a0010-1119000061ta191113 g 0 ind  a978-979-593-832-3 a420 a420 SIM e0 aSIMANJUNTAK, Herpinus1 aEnglish for Receptiinist /cHerpinus Simanjuntak; editor, Fita Riyadi, Dwinoor Bestiyani aed.2, cet. 1 aJakarta :bKesaint Blanc,c2016 aiv, 122 hlm :bilus ;c20 cm 4aBAHASA. INGGRIS0 aFITA, Riyadi0 aDWINOOR, Bestiyani a7140 a a7140 b